| 000 | 00894nam a22001815i 4500 | ||
|---|---|---|---|
| 001 | 155364 | ||
| 003 | ES-MaACL | ||
| 005 | 20251014063222.0 | ||
| 008 | 000710s1875 sp |||| | spa d | ||
| 040 |
_aAR _bspa _cAR |
||
| 100 | 1 |
_aHerranz y Gonzalo, Juan José, _cConde de Reparaz _9127924 |
|
| 245 | 1 | 3 |
_aLa mejor conquista _b: comedia en tres actos y en verso / _coriginal de Juan José Herranz. |
| 260 |
_aMadrid : _b[s.n.], _c1875 ( _fImp. de José Rodriguez) |
||
| 300 |
_a92 p. ; _c19 cm. |
||
| 500 | _aEn port.: Representada por primera vez en el teatro del Circo en la noche del 9 de diciembre de 1875. | ||
| 852 |
_aES-MaACL _jF-8624(3) _z-- Enc. pasta española _z-- Ex-libris ms. de Gustavo Saenz Diez, 1875 _q-- Falto de la cub. original _z-- Enc. en un vol. facticio formando parte de la col. facticia "Teatro español moderno", vol. 79 |
||
| 999 |
_c155364 _d155364 |
||